Lieux fictifs de la pop culture - Statistiques

Statistiques générales
  • Ce quiz a été pris 239 fois
  • Le résultat moyen est 15 sur 30
Statistiques - réponses
Lieu Film % Correct
Gotham City Batman
94%
Pandora Avatar
90%
Tatooine Star Wars
88%
Springfield Les Simpson
83%
Wakanda Black Panther
81%
Pré au Lard Harry Potter
76%
Le pays imaginaire Peter Pan
67%
Los Santos GTA
66%
Arendelle La reine des neiges
60%
Konoha Naruto
59%
Westeros Game of Thrones
54%
Hyrule Zelda
54%
Le gouffre de Helm Le Seigneur des Anneaux
51%
Metropolis Superman
51%
Namek Dragon Ball
50%
Agrabah Aladdin
47%
Wisteria Lane Desperate housewives
46%
Radiator Springs Cars
45%
Panem Hunger Games
44%
Sokovie Avengers
39%
Le royaume Champignon Super Mario
38%
Babaorum Astérix
37%
Skull Island King Kong
35%
Pays des Wa One Piece
26%
Night City Cyberpunk
25%
Syldavie Tintin
23%
Sunnydale Buffy contre les vampires
12%
Elm street Freddy
10%
Daisy Town Lucky Luke
9%
Sion Matrix
9%
Aucun quiz correspondant
Distribution des résultats
% des personnes avec chaque résultat
Percentile par nombre de réponses
Votre historique - résultats
Vous n’avez pas pris ce quiz